000 00489nam a2200169Ia 4500
999 _c12647
_d12647
003 OSt
005 20201112125754.0
008 190216s9999||||xx |||||||||||||| ||und||
040 _coclc
082 _a421
_bVEL/G
100 _aVelayudhan, S
_96540
245 0 _aGeneral Composition :
_bFor Junior Colleges /
_cS Velayudhan
260 _bSomaiya Publications,
_c1976.
_aNew Delhi:
300 _a135p
650 _aEnglish
942 _cBK
_2ddc
_h421
_iVEL/G
_k421
_mVEL/G